000 00292nam a22001337a 4500
008 170926b xxu||||| |||| 00| 0 eng d
020 _a9780618643783
041 _aeng
080 _24TH
_a37
100 _a46
101 _aEDU
245 _aPRACTICING COLLEGE
_cHOPPER,C.H
942 _2udc
_cBK
999 _c30053
_d30053